Derecho angloamericano y derecho canónico: las raices canónicas de la Common Law

I tiakina i:
Ngā taipitopito rārangi puna kōrero
Kaituhi matua: Martínez-Torrón, Javier (autor)
Hōputu: Pukapuka
Reo:Pāniora
I whakaputaina: Madrid Civitas 1991
Ngā marau:
Ngā Tūtohu: Tāpirihia he Tūtohu
Kāore He Tūtohu, Me noho koe te mea tuatahi ki te tūtohu i tēnei pūkete!

MARC

LEADER 00000nam a2200000 a 4500
001 UCV2903
003 CL-VaPUC
008 921222e19910000SP |||||||||||||||||spa|d
082 0 4 |a 262.9  |b MAR  |2 21 
100 |a Martínez-Torrón, Javier  |e autor  |9 475728 
245 1 0 |a Derecho angloamericano y derecho canónico: las raices canónicas de la Common Law 
300 |a 210 p 
942 |c BK 
945 |d 19921222 00:00:00 
260 |a Madrid  |b Civitas  |c 1991 
650 0 |a Derecho angloamericano  |9 258486 
650 7 |a DERECHO CANONICO  |2 CL-VaPUC  |9 297206 
650 0 |a Derecho comparado  |9 255664 
583 |a last modification  |c 20161026 12:10:04  |k Rodrigo Vera 
999 |c 210356  |d 210354 
952 |0 0  |1 0  |4 0  |6 262_900000000000000_MAR_1991  |7 0  |8 A  |9 186504  |a BIBDER  |b BIBDER  |d 2019-11-14  |i 2540053  |o 262.9 MAR 1991  |p 2540053  |r 2023-01-25  |w 2019-11-14  |y BK  |k DER